000 00699nam a2200217 4500
003 MX-MxINE
005 20260530113911.0
008 260421b1994 mx |||| |||| 00| 0 spa d
020 _a9706250719
040 _aICI
_bspa
_cICI
_erda
050 _aHD2341
_bP54 1994
100 0 _a Pigueron, George
_eautor
_933366
245 1 3 _a La empresa de clase mundial
_bGuia practica para la participacion en la nueva economia sin fronteras
_c George pigueron
264 1 _aMéxico, d.f.
_bGrupo editorial iberoamericana
_c1994
300 _a180 páginas
336 _2rdacontent
_atexto
337 _2rdamedia
_asin medio
338 _2rdacarrier
_avolumen
650 _aEmpresas
_933367
942 _2ddc
_n0
_cBK
999 _c12121
_d12121